| 000 | 00340nam a22001457a 4500 | ||
|---|---|---|---|
| 003 | SGT | ||
| 020 | _a9788180388958 | ||
| 082 | _a346,KAU | ||
| 100 | _aKAUR,HARPREET KAUR. | ||
| 245 | _aBUSINESS AND CORPORATE LAWS | ||
| 260 |
_aNEW DELHI _bLEXIS NEXIS _c2013 |
||
| 300 | _a613 | ||
| 650 | _aBUSINESS AND CORPORATE LAWS | ||
| 942 |
_2ddc _cBK |
||
| 999 |
_c10403 _d10403 |
||